[Event "Tirol-ch 20th"]
[Site "Hall im Tirol "]
[Date "2009.06.27"]
[Round "1"]
[White "Dalnodar, Bernhard"]
[Black "Lettenbichler, Marco"]
[Result "1-0"]
[WhiteElo "1975"]
[BlackElo "1753"]
[PlyCount "65"]
[EventDate "2009.06.27"]
[EventType "swiss"]
[EventRounds "7"]
[EventCountry "AUT"]
[SourceTitle "EXT 2011"]
[Source "ChessBase"]
[SourceDate "2010.11.26"]
[SourceVersion "1"]
[SourceVersionDate "2010.11.26"]
[SourceQuality "1"]

1. Nf3 Nf6 2. d4 d5 3. c4 c6 4. Nc3 dxc4 5. a4 Bf5 6. e3 e6 7. Bxc4 Bb4 8. 0-0 0-0 9. Qe2 Bg4 10. Rd1 Nbd7 11. h3 Bh5 12. e4 Nb6 13. Bb3 h6 14. e5 Nfd5 15. Ne4 Qc7 16. Bd2 Be7 17. Rac1 Rad8 18. a5 Nc8 19. Ba4 Rfe8 20. a6 b5 21. Bxb5 Qb6 22. Rxc6 Qb8 23. Nc5 Bxc5 24. Rxc5 Re7 25. Ba5 Ncb6 26. Bc6 Rc8 27. Rdc1 Rec7 28. Bb7 Rxc5 29. dxc5 Rc7 30. Qe1 Nf4 31. Qe3 Rd7 32. cxb6 axb6 33. Rc8+ 1-0

[Event "Seefeld op 19th"]
[Site "Seefeld"]
[Date "2008.09.05"]
[Round "1"]
[White "Erhart, Uwe"]
[Black "Lettenbichler, Marco"]
[Result "1-0"]
[WhiteElo "2107"]
[BlackElo "1558"]
[PlyCount "67"]
[EventDate "2008.09.05"]
[EventType "swiss"]
[EventRounds "9"]
[EventCountry "AUT"]
[SourceTitle "EXT 2010"]
[Source "ChessBase"]
[SourceDate "2010.11.25"]
[SourceVersion "1"]
[SourceVersionDate "2010.11.25"]
[SourceQuality "1"]

1. e4 e5 2. Nf3 Nc6 3. Bb5 Bc5 4. 0-0 Nge7 5. c3 a6 6. Ba4 b5 7. Bb3 d6 8. Ng5 d5 9. exd5 Na5 10. d6 Nxb3 11. Qxb3 0-0 12. dxe7 Qxe7 13. d3 h6 14. Ne4 Be6 15. Qc2 Bb6 16. Be3 f5 17. Ned2 Ba5 18. Nb3 f4 19. Bc5 Qg5 20. f3 Bxb3 21. axb3 Bb6 22. Bxb6 cxb6 23. Nd2 Rfd8 24. Ne4 Qg6 25. Rfd1 a5 26. d4 exd4 27. Rxd4 Rxd4 28. cxd4 Qe6 29. Rd1 Rc8 30. Qd3 b4 31. d5 Qe5 32. Qd4 Qxd4+ 33. Rxd4 Rd8 34. d6 1-0